000 00662cam a2200253 a 4500
001 3875743
005 20180109071759.0
008 890210s1988 no b 001 0 eng c
010 _a 89112880
020 _a8200026124
020 _a8200184358 (pbk.)
040 _aDLC/MH
_cMH
_dDLC
041 _aeng
043 _an-us---
080 _a338.9 LIN
082 0 0 _a338.9 LIN
_220
100 1 _a52
101 _aEKO
245 1 0 _aDemocracy and market system /
_cCharles E. Lindblom.
504 _aBibliography: p. [337]-343.
906 _a7
_bcbc
_corignew
_d3
_encip
_f19
_gy-gencatlg
942 _2ddc
_cBK
999 _c39901
_d39901